Từ ngôn ngữ lập trình Pascal đến ngôn ngữ C
Sách gồm 10 chương và các phụ lục, mỗi chương đều được viết dưới dạng so sánh và ngôn ngữ pascal và C được trình bày song song như 1 ánh xạ 1-1. Ngoài ra còn có những ý kiến phân tích và mô tả để làm rõ thêm một cách sâu sắc các ngôn ngữ này...
Đã lưu trong:
| Tác giả chính: | |
|---|---|
| Định dạng: | Sách |
| Năm xuất bản: |
H.
Thống kê
2001
|
| Chủ đề: | |
| Tags: |
Thêm thẻ
Không có thẻ, Hãy là người đầu tiên gắn thẻ bản ghi này!
|
| LEADER | 01069nam a2200181 4500 | ||
|---|---|---|---|
| 082 | |a 005.133 |b BR400W | ||
| 100 | |a Brown, L Douglas | ||
| 245 | |a Từ ngôn ngữ lập trình Pascal đến ngôn ngữ C |c Brown, L Douglas | ||
| 260 | |a H. |b Thống kê |c 2001 | ||
| 300 | |a 208tr. |c 23cm | ||
| 520 | |a Sách gồm 10 chương và các phụ lục, mỗi chương đều được viết dưới dạng so sánh và ngôn ngữ pascal và C được trình bày song song như 1 ánh xạ 1-1. Ngoài ra còn có những ý kiến phân tích và mô tả để làm rõ thêm một cách sâu sắc các ngôn ngữ này | ||
| 653 | |a Tin học | ||
| 653 | |a Ngôn ngữ Pascal | ||
| 653 | |a Ngôn ngữ C | ||
| 942 | |2 ddc |c STK0 | ||
| 999 | |c 10535 |d 10535 | ||
| 952 | |0 0 |1 0 |2 ddc |4 0 |6 005_133000000000000_BR400W |7 0 |8 000 |9 82696 |a qbu |b qbu |c D2 |d 2015-08-12 |g 30000 |o 005.133 BR400W |p 7358.c1 |r 0000-00-00 |w 2015-08-12 |y STK0 | ||
| 952 | |0 0 |1 0 |2 ddc |4 0 |6 005_133000000000000_BR400W |7 0 |8 000 |9 82697 |a qbu |b qbu |c D2 |d 2015-08-12 |g 30000 |l 7 |m 3 |o 005.133 BR400W |p 7358.c2 |r 2020-10-29 |s 2020-10-02 |w 2015-08-12 |y STK0 | ||